000 00527nam a2200157Ia 4500
003 Ost
005 20260507075702.0
008 260507s9999||||xx |||||||||||||| ||und||
040 _cfsecg
041 _aara
100 _aالمنيف، ابراهيم عبد الله
_eمؤلف
245 0 _aتطور الفكر الاداري المعاصر /
_c ابراهيم عبد الله المنيف
260 _aالرياض:
_bدار آفاق الابداع العالمية,
_c1999
300 _a658 صفحة؛
942 _cكتاب
999 _c45853
_d45853